New Opportunities, Education for life: Pre-Intermediate. Language Powerbook

Bewaard in:
Bibliografische gegevens
Hoofdauteurs: Reilly, Patricia (Auteur), Dean, Michael (Auteur), Sikorzynska, Anna (Auteur), Mrozowak, Hanna (Auteur)
Formaat: Boek
Taal:Engels
Gepubliceerd in: Essex Pearson Education Limited 2006
Onderwerpen:
Tags: Voeg label toe
Geen labels, Wees de eerste die dit record labelt!

MARC

LEADER 00000cam a2200000 a 4500
001 UCF8164
003 CL-VaPUC
008 130802e20060000uk |||||||||||||||||eng|d
020 |a 9780582854185 
082 0 4 |a 428  |b REI  |2 21 
100 0 |a Reilly, Patricia  |e author  |9 570249 
700 0 |a Dean, Michael  |e author  |9 570250 
700 0 |a Sikorzynska, Anna  |e author  |9 570251 
700 0 |a Mrozowak, Hanna  |e author  |9 570252 
245 1 0 |a New Opportunities, Education for life: Pre-Intermediate. Language Powerbook 
300 |a 128 p 
942 |c BK 
945 |d 20130802 12:08:00  |a dcastane 
260 |a Essex  |b Pearson Education Limited  |c 2006 
650 0 |a Lengua inglesa  |9 318842 
650 0 |a Enseñanza del inglés  |9 367340 
650 0 |a Educación lingüística  |9 306506 
650 0 |a Métodos de enseñanza  |9 270413 
650 0 |a Libros de texto  |9 270019 
583 |a last modification  |c 20131008 10:53:41  |k Rodrigo Vera 
999 |c 352807  |d 352805 
952 |0 0  |1 0  |4 0  |6 428_000000000000000_REI_2006  |7 0  |8 A  |9 457481  |a BIBEDU  |b BIBEDU  |d 2019-11-22  |i 4992164  |o 428 REI 2006  |p 4992164  |r 2019-11-22  |w 2019-11-22  |y BK  |k LIT